000 00792nam a22002057a 4500
001 BD-DhSAU 2776
003 BD-DhSAU
005 20150202140915.0
008 150202b1990 a||||r|||| 000 0 d
040 _aBD-DhSAU
082 _222
_a৫৭৪.১৯২
_bসিরাপ্রা
100 _aসিরাজউদ্দিন, আ.স.ম.
245 _aপ্রাণরসায়ন শব্দকোষ
_cআ.স.ম. সিরাজউদ্দিন
260 _aঢাকা :
_bবাংলা একাডেমী ,
_c১৯৯০.
300 _avii, ২৫৪ পৃ. :
_bচিত্র ;
_c২২ সেমি।
590 _ajoy
650 _aChemistry.
650 _aরসায়ন।
650 _aপ্রাণরসায়ন।
_xশব্দকোষ।
942 _2ddc
_cBOOK
999 _c2776
_d2776